| 000 | 01151nam a2200349Ia 4500 | ||
|---|---|---|---|
| 003 | OSt | ||
| 005 | 20220912144716.0 | ||
| 006 | a|||||r|||| 00| 0 | ||
| 007 | ta | ||
| 008 | 220909b |||||||| |||| 00| 0 eng d | ||
| 020 | _a9780470747483 (hbk) | ||
| 020 | _aSL01535613 | ||
| 024 | _a159597 | ||
| 037 | _b1467, 15/11/2011, Ashutosh Technical Books | ||
| 037 | _cTextual | ||
| 040 |
_aCSL _beng _cCSL |
||
| 041 | _aeng | ||
| 082 | _aB2T0bX:8, Q1 TOR | ||
| 100 | _aKenett Ron, S Ed.; Raanan Yossi Ed. | ||
| 245 | 0 | _aOperational risk management: Practical approach to intelligent data analysis | |
| 260 |
_aUK _bJohn Wiley _c2011 |
||
| 300 | _axxxv;285p. | ||
| 500 | _aInclude bibliographical refeences; Index 281-285p | ||
| 650 | _a Information technology quality control | ||
| 650 | _a Process control | ||
| 650 | _a Quality control | ||
| 650 | _a Risk management | ||
| 650 | _aOperational Research | ||
| 700 | _aKenett Ron, S Ed.; Raanan Yossi Ed. | ||
| 942 |
_hB2T0bX:8, Q1 TOR _cTEXL _2CC |
||
| 999 |
_c16344 _d16344 |
||